| 000 | 00702nam a2200217Ia 4500 | ||
|---|---|---|---|
| 008 | 191130s2008##################000#0#eng## | ||
| 020 | _a9780521863582 | ||
| 022 | _a2007044748 | ||
| 040 |
_aACL _cACL |
||
| 082 | _a332.6320420285554 DAL | ||
| 100 | _aDalton, Bill | ||
| 245 |
_aFinancial products : an introduction using mathematics and Excel _cBill Dalton |
||
| 260 |
_aCambridge _bCambridge University Press _c2008 |
||
| 300 | _a399 p. : ill. ; 26 cm | ||
| 500 | _aIncludes bibliographical references and index | ||
| 650 | _aFinance - Mathematical models | ||
| 650 | _aMicrosoft Excel (Computer file) | ||
| 990 | _a5c4b2bf9ac10000c599d70621a39e618 | ||
| 991 | _a174479 | ||
| 999 |
_c262810 _d262810 |
||